000 00326nam a22001457a 4500
008 210609b ||||| |||| 00| 0 eng d
020 _a9781439050378
041 _aeng
080 _27th
_a54
082 _a54
100 _a12
101 _aKIM
245 _aFundamentals of Organic Chemistry
_cMurry,J.M
942 _2udc
_cBK
999 _c58095
_d58095